00257nam a2200109Ia 4500008004100000100001800041245003200059250000800091260002400099300000800123650001600131191201s2011 xx 000 0 und d aZEID, Ibrahim 0aCAD/CAM Theory and Practice aRep aN. DelhibTMHc2011 a813 aM.Tech (ME)